Greyjoy 101 - Statistics

General Stats
  • This quiz has been taken 711 times
  • The average score is 11 of 20
Answer Stats
Hint Answer % Correct
Noteable person with Greyjoy surname #1 Theon
98%
Lord Balon
97%
Noteable person with Greyjoy surname #1 Asha
96%
Seat Pyke
96%
Coat of arms Kraken
95%
Region The Iron Islands
93%
Motto We Do Not Sow
90%
Noteable person with Greyjoy surname #1 Euron
89%
Noteable person with Greyjoy surname #1 Victarion
77%
Noteable person with Greyjoy surname #1 Aeron
65%
Age founded Age of Heroes
54%
Noteable sworn house #3 Harlaw
46%
Wife of lord Alannys Harlaw
22%
Title of lord #3 Lord Reaper of Pyke
21%
Noteable sworn house #4 Blacktyde
19%
Noteable sworn house #2 Goodbrother
19%
Title of lord #1 King of Salt and Rock
19%
Noteable sworn house #5 Botley
18%
Noteable sworn house #1 Codd
14%
Title of lord #2 Son of the Sea Wind
12%
No matching quizzes found
Score Distribution
Percent of People with Each Score
Percentile by Number Answered
Your Score History
You have not taken this quiz